00362nam a22001337a 450000500170000000800410001704100130005808200130007110000120008424500390009626000370013530000300017265000260020220240816143302.0240816b |||||||| |||| 00| 0 eng d aEnglish  a349 LAW  lEnglish aThe Law Reports: Probate Division  aLondon: bLincoln's Inn, c1947  bvii, 184 pages; c25 cm.  aLegal practice bLaw